Household Surveys Integration: Household Budget Survey Methodology in Czechia

Cieľom príspevku je zmapovať históriu českej verzie zisťovania rodinných účtov (HBS), t. j. Statistika rodinných účtů (SRÚ), a historické zmeny v jeho metodike. Štatistika rodinných účtov je zisťovanie zamerané najmä na výdavky súkromných domácností vo všetkých krajoch Českej republiky. Prvý oficiál...

ver descrição completa

Na minha lista:
Detalhes bibliográficos
Autor principal: Vopravil, Jiří
Outros Autores: Linhartová Jiřičková, Barbora
Formato: Capítulo de Livro
Idioma:inglês
Assuntos:
Tags: Adicionar Tag
Sem tags, seja o primeiro a adicionar uma tag!

MARC

LEADER 00000naa a2200000 4500
001 0305780
005 20241223105251.6
041 0 |a eng 
044 |a CZ 
245 1 0 |a Household Surveys Integration: Household Budget Survey Methodology in Czechia  |c Jiří Vopravil, Barbora Linhartová Jiřičková 
520 |a Cieľom príspevku je zmapovať históriu českej verzie zisťovania rodinných účtov (HBS), t. j. Statistika rodinných účtů (SRÚ), a historické zmeny v jeho metodike. Štatistika rodinných účtov je zisťovanie zamerané najmä na výdavky súkromných domácností vo všetkých krajoch Českej republiky. Prvý oficiálny prieskum SRÚ uskutočnil v roku 1920 Štatistický úrad bývalej Československej republiky. Tento článok ponúka stručný prehľad viac ako 100 rokov prieskumu, ktoré boli výrazne formované v rôznych obdobiach, ktorými prešla, tak spoločensko-politickým kontextom, ako aj postupným technologickým pokrokom. V neposlednom rade sú diskutované metodické zmeny, ktoré nastali v roku 2017, ako aj niektoré dôležité aspekty súčasnej podoby prieskumu. 
610 2 0 |a domácnosti 
610 2 0 |a rozpočet rodinný 
610 2 0 |a Česko 
100 1 |a Vopravil, Jiří 
700 1 |a Linhartová Jiřičková, Barbora